Persona 3/4/5: All Ultimate Personas - Statistics

General Stats
  • This quiz has been taken 88 times
  • The average score is 34 of 42
Answer Stats
Arcana Persona 3 Reload Persona 4 Golden Persona 5 Royal % Correct
XX - Aeon Metatron Kaguya N/A
90%
I - Magician Futsunushi Mada Futsunushi
88%
Kaguya
88%
V - Hierophant Kohryu Kohryu Kohryu
87%
Mada
87%
0/XI - Jester/Hunger Magatsu-Izanagi Magatsu-Izanagi N/A
87%
IV - Emperor Odin Odin Odin
87%
Satan
87%
XIII - Death Thanatos Mahakala Alice
87%
XV - Devil Beelzebub Beelzebub Beelzebub
86%
VI - Lovers Cybele Ishtar Ishtar
86%
Ishtar
86%
Lucifer
86%
XX - Judgement Messiah Lucifer Satan
86%
0 - Fool Susano-o Loki Vishnu
86%
VII - Chariot Thor Futsunushi Chi You
84%
Alice
83%
XII - Hanged Man Attis Attis Attis
83%
XVI - Tower Chi You Shiva Mada
83%
Loki
83%
Faith Maria N/A Maria
83%
XVIII - Moon Sandalphon Sandalphon Sandalphon
83%
XVII - Star Helel Helel Lucifer
81%
Vishnu
81%
Mother Harlot
80%
Zaou-Gongen
80%
III - Empress Alilat Isis Mother Harlot
78%
IX - Hermit Arahabaki Ongyo-Ki Ongyo-Ki
77%
Norn
77%
Ongyo-Ki
77%
II - Priestess Scathach Scathach Cybele
77%
Sraosha
75%
XIX - Sun Asura Asura Asura
74%
X - Fortune Lakshmi Norn Lakshmi
74%
I - Councillor Vohu Manah N/A Vohu Manah
74%
Isis
71%
XI - Strength Atavaka Zaou-Gongen Zaou-Gongen
70%
Mahakala
70%
VIII - Justice Melchidezek Sraosha Metatron
70%
Ardha
68%
Shiva
68%
XIV - Temperance Yurlungur Vishnu Ardha
62%
No matching quizzes found
Score Distribution
Percent of People with Each Score
Percentile by Number Answered
Your Score History
You have not taken this quiz